| 000 | 00549nam a22001937a 4500 | ||
|---|---|---|---|
| 005 | 20251108165156.0 | ||
| 008 | 250721s9999 xx 000 0 ara d | ||
| 082 | 1 | 4 | _a575.0162/لوي |
| 100 | 1 | _aلويس، جون | |
| 245 | 1 | 0 | _aالإنسان و الإرتقاء / |
| 264 |
_bدار الجماهير الشعبية، _c[19-]. |
||
| 300 | _a168ص | ||
| 650 | 1 | 7 | _aالتطور |
| 650 | 1 | 7 | _aأصل الإنسان |
| 650 | 1 | 7 | _aنظرية التطور |
| 700 | 1 |
_aجاموس، عدنان _eترجمة |
|
| 942 |
_2ddc _cBK |
||
| 999 |
_c21345 _d21345 |
||